Country Flags with Crescent - Statistics

General Stats
  • This quiz has been taken 53 times
  • The average score is 16 of 18
Answer Stats
Picture Answer % Correct
Turkey
100%
Algeria
95%
Nepal
95%
Pakistan
95%
Tunisia
95%
Croatia
93%
Uzbekistan
93%
Malaysia
91%
Singapore
91%
Libya
88%
Maldives
88%
Azerbaijan
86%
Brunei
86%
Turkmenistan
86%
Moldova
81%
Mongolia
81%
Comoros
79%
Mauritania
77%
No matching quizzes found
Score Distribution
Percent of People with Each Score
Percentile by Number Answered
Your Score History
You have not taken this quiz